Red Dead Redemption 2 Animals - Statistics

General Stats
  • This quiz has been taken 1,303 times
  • The average score is 36 of 230
Answer Stats
Hint Legendary % Correct
Mammal Grizzly Bear (Brown Bear)
68%
Reptile American Alligator
67%
Mammal American Black Bear
61%
Mammal Legendary Wolf
57%
Mammal American Bison
56%
Mammal Legendary Buck
54%
Mammal Legendary Fox
53%
Fish Longnose Gar
53%
Mammal Legendary Moose
52%
Mammal Legendary Elk
51%
Mammal Legendary Cougar
50%
Mammal Cougar
48%
Mammal Panther
43%
Mammal Whitetail Deer
43%
Mammal California Valley Coyote
42%
Mammal Legendary Coyote
42%
Mammal Legendary Boar
41%
Mammal Legendary Pronghorn
40%
Mammal Wild Boar
40%
Amphibian Cuban Land Crab
38%
Mammal Legendary Beaver
38%
Mammal North American Beaver
38%
Bird Bald Eagle
36%
Mammal American Red Fox
31%
Bird American Crow
30%
Horse Arabian
28%
Mammal Gray Wolf
27%
Bird Western Raven
27%
Mammal Whitetail Buck
27%
Fish Legendary Bluegill
26%
Mammal Alpine Goat
25%
Mammal American Red Squirrel
25%
Bird Bluegill
25%
Mammal American Badger
24%
Mammal Black Squirrel
24%
Mammal Brown Rat
24%
Reptile Legendary Bull Gator
24%
Mammal Black-tailed Jackrabbit
23%
Bird Blue Jay
23%
Mammal Legendary White Bison
23%
Mammal Silver Fox
23%
Mammal Black Rat
22%
Bird Northern Cardinal
22%
Mammal Virginia Opossum
22%
Reptile American Alligator (small)
21%
Mammal American Gray Fox
21%
Mammal Lion
21%
Mammal Western Gray Squirrel
21%
Fish Legendary Large Mouth Bass
20%
Fish Legendary Smallmouth Bass
20%
Mammal Little Brown Bat
20%
Horse Morgan
20%
Fish Largemouth Bass
19%
Mammal Legendary Bighorn Ram
19%
Mammal Mule
19%
Mammal Nine-banded Armadillo
19%
Mammal North American Raccoon
19%
Fish Smallmouth Bass
19%
Mammal Striped Skunk
19%
Mammal Timber Wolf
19%
Mammal American Muskrat
18%
Mammal Florida Cracker Cow
18%
Reptile Green Iguana
18%
Mammal Standard Donkey
18%
Bird Golden Eagle
17%
Horse Tennessee Walker
17%
Mammal Western Chipmunk
17%
Amphibian American Bullfrog
16%
Mammal American Pronghorn Buck
16%
Mammal American Pronghorn Doe
16%
Bird American Robin
16%
Reptile Diamondback Rattlesnake
16%
Mammal Labrador Retriever
16%
Horse Mustang
16%
Horse Shire
16%
Reptile Banded Gila Monster
15%
Bird Java Chicken
15%
Horse Kentucky Saddler
15%
Mammal Merino Sheep
15%
Mammal Florida Panther
14%
Fish Legendary Sockeye Salmon
14%
Mammal Legendary Tatanka BIson
14%
Bird Mallard Duck
14%
Mammal Poodle
14%
Fish Sockeye Salmon
14%
Mammal Western Bull Moose
14%
Reptile Alligator Snapping Turtle
13%
Horse American Paint
13%
Horse Appaloosa
13%
Fish Legendary Muskie
13%
Fish Legendary Perch
13%
Fish Muskie
13%
Bird Snowy Egret
13%
Horse Thoroughbred
13%
Reptile Timber Rattlesnake
13%
Mammal American Domestic Cat
12%
Horse American Standardbred
12%
Mammal Australian Shepherd
12%
Bird Californian Condor
12%
Reptile Desert Iguana
12%
Mammal Devon Ox
12%
Horse Dutch Warmblood
12%
Horse Hungarian Halfbred
12%
Bird Perch
12%
Mammal Siberian Husky
12%
Mammal Western Moose
12%
Mammal Angus Bull
11%
Mammal Angus Ox
11%
Mammal Bloodhound
11%
Mammal Bluetick Coonhound
11%
Mammal Border Collie
11%
Bird Chain Pickerel
11%
Bird Dominique Chicken
11%
Fish Legendary Chain Pickerel
11%
Fish Legendary Rock Bass
11%
Bird Leghorn Chicken
11%
Bird Little Egret
11%
Horse Missouri Fox Trotter
11%
Mammal Rocky Mountain Bull Elk
11%
Mammal Rufus
11%
Bird Baltimore Oriole
10%
Horse Belgian Draft
10%
Mammal Big China Pig
10%
Bird Canada Goose
10%
Fish Channel Catfish
10%
Bird Common Loon
10%
Reptile Cottonmouth Snake
10%
Bird Great Blue Heron
10%
Bird Great Horned Owl
10%
Fish Legendary Channel Catfish
10%
Fish Legendary Northern Pike
10%
Fish Legendary Redfin Pickerel
10%
Fish Legendary Steelhead Trout
10%
Mammal Mutt
10%
Horse Nokota
10%
Fish Northern Pike
10%
Bird Pekin Duck
10%
Bird Reddish Egret
10%
Bird Redfin Pickerel
10%
Bird Red-footed Booby
10%
Bird Rock Bass
10%
Mammal Rocky Mountain Cow Elk
10%
Fish Steelhead Trout
10%
Bird Tricolored Heron
10%
Horse Turkoman
10%
Amphibian Western Toad
10%
Bird American White Pelican
9%
Horse Ardennes
9%
Mammal Berkshire Pig
9%
Bird Brown Pelican
9%
Bird Bullhead Catfish
9%
Bird Carolina Parakeet
9%
Mammal Devon Bull
9%
Bird Java Rooster
9%
Fish Legendary Bullhead Catfish
9%
Fish Legendary Longnose Gar
9%
Bird Red-tailed Hawk
9%
Bird Roseate Spoonbill
9%
Bird Scarlet Macaw
9%
Horse Andalusian
8%
Bird Cedar Waxwing
8%
Bird Great Green Macaw
8%
Mammal Hereford Bull
8%
Fish Lake Sturgeon
8%
Bird Laughing Gull
8%
Mammal Legendary Bharati Grizzly Bear
8%
Fish Legendary Lake Sturgeon
8%
Bird Leghorn Rooster
8%
Mammal Old Spot Pig
8%
Reptile Rainbow Boa Snake
8%
Mammal Sierra Nevada Bighorn Ram
8%
Horse Suffolk Punch
8%
Mammal American Fox Hound
7%
Bird Blue and Yellow Macaw
7%
Bird California Quail
7%
Bird Dominique Rooster
7%
Bird Eastern Turkey Vulture
7%
Bird Eastern Wild Turkey
7%
Reptile Fer-de-Lance Snake
7%
Bird Ferruginous Hawk
7%
Bird Herring Gull
7%
Reptile Northern Water Snake
7%
Amphibian Red Swamp Crayfish
7%
Bird Rock Pigeon
7%
Mammal Rocky Mountain Bighorn Ram
7%
Mammal Rocky Mountain Bighorn Sheep
7%
Mammal Sierrra Nevada Bighorn Sheep
7%
Bird Western Turkey Vulture
7%
Bird American Tree Sparrow
6%
Mammal Baja California Pronghorn Buck
6%
Mammal Baja California Pronghorn Doe
6%
Mammal Catahoula Cur
6%
Mammal Chesapeake Bay Retriever
6%
Mammal Collared Peccary
6%
Bird Eurasian Tree Sparrow
6%
Bird Greater Prairie Chicken
6%
Bird Hooded Oriole
6%
Reptile Midland Water Snake
6%
Reptile Northern Copperhead Snake
6%
Bird Pacific Loon
6%
Bird Red-bellied Woodpecker
6%
Reptile Red Boa Snake
6%
Bird Ring-necked Pheasant
6%
Bird Rough-Legged Hawk
6%
Mammal Sonoran Pronghorn Buck
6%
Reptile Southern Copperhead Snake
6%
Bird Whooping Crane
6%
Bird Chinese Ring-necked Pheasant
5%
Bird Coastal Horned Owl
5%
Bird Double-crested cormorant
5%
Mammal Legendary Giaguaro Panther
5%
Bird Sandhill Crane
5%
Mammal Sonoran Pronghorn Doe
5%
Reptile Sunglow Boa Snake
5%
Bird Western Tanager Songbird
5%
Bird Yellow-billed Loon
5%
Reptile Black-tailed Rattlesnake
4%
Mammal Desert Bighorn Ram
4%
Mammal Desert Bighorn Sheep
4%
Bird Neotropic Cormorant
4%
Bird Pileated Woodpecker
4%
Bird Ring-billed Gull
4%
Bird Scarlet Tanager Songbird
4%
Mammal White Cougar
4%
Bird Band-tailed Pigeon
3%
Bird Californian Horned Owl
3%
Mammal Giant Boar
3%
Bird Rio Grande Wild Turkey
3%
Amphibian Sonoran Desert Toad
3%
Bird Golden Crowned Sparrow
2%
No matching quizzes found
Score Distribution
Percent of People with Each Score
Percentile by Number Answered
Your Score History
You have not taken this quiz